|
|
|
|
| LEADER |
00000cam a2200000 7i4500 |
| 001 |
0000005344 |
| 005 |
20220105104011.0 |
| 008 |
070803 |
| 020 |
|
|
|a 983267364X(set)
|
| 020 |
|
|
|a 9832673682
|
| 090 |
0 |
0 |
|a JP
|b NS MAL (4454)
|
| 100 |
0 |
|
|a Rejab F.I
|
| 245 |
1 |
0 |
|a "Membabi buta"
|c Rejab F.I.
|
| 260 |
|
|
|a Selangor :
|b Pintar Firus ,
|c 2005
|
| 440 |
|
0 |
|a Koleksi cerita peribahasa 2
|
| 500 |
|
|
|a Children age 4-6 years old (yellow)
|
| 650 |
|
0 |
|a Children's stories, Malay
|
| 650 |
|
0 |
|a Malay fiction
|
| 999 |
|
|
|a 0000977852
|b Book
|c Children Collection
|e Cawangan Bukit Gambir
|
| 999 |
|
|
|a 0000977854
|b Book
|c Children Collection
|e Perbadanan Perpustakaan Awam Johor
|
| 999 |
|
|
|a 0000977855
|b Book
|c Children Collection
|e Cawangan Muar
|
| 999 |
|
|
|a 0000977856
|b Book
|c Children Collection
|e Perbadanan Perpustakaan Awam Johor
|
| 999 |
|
|
|a 0001148486
|b Book
|c Children Collection
|e Cawangan Bandar Tenggara
|
| 999 |
|
|
|a 0001148487
|b Book
|c Children Collection
|e Cawangan Tangkak
|
| 999 |
|
|
|a 0001148488
|b Book
|c Children Collection
|e Cawangan Bukit Gambir
|
| 999 |
|
|
|a 0001148489
|b Book
|c Children Collection
|e Cawangan Bandar Penawar
|
| 999 |
|
|
|a 0001148490
|b Book
|c Children Collection
|e Cawangan Tmn. Ungku Tun Aminah
|
| 999 |
|
|
|a 000907621
|b Book
|c Children Collection
|e Cawangan Bandar Tenggara
|